US States Closest to Canada - Statistics

General Stats
  • This quiz has been taken 1,126 times
  • The average score is 16 of 20
Answer Stats
km State miles % Correct
0 New York 0
96%
0 Washington 0
96%
0 Maine 0
95%
0 Michigan 0
94%
0 North Dakota 0
93%
0 Montana 0
92%
0 Vermont 0
92%
0 Idaho 0
89%
0 Minnesota 0
88%
0 New Hampshire 0
87%
9 Ohio 6
82%
108 Wisconsin 67
80%
38 Pennsylvania 24
76%
229 Oregon 142
74%
0 Alaska 0
70%
144 Indiana 89
68%
333 Rhode Island 207
68%
241 Massachusetts 150
65%
332 Connecticut 206
63%
209 West Virginia 130
24%
No matching quizzes found
Score Distribution
Percent of People with Each Score
Percentile by Number Answered
Your Score History
You have not taken this quiz